| 000 | 00000nam##2200000za#4500 |
| 001 | 9.675878 |
| 003 | CaOODSP |
| 005 | 20250403105545 |
| 007 | cr ||||||||||| |
| 008 | 150407|1997||||xxc|||||o f|0| 0 fre|d |
| 040 | |aCaOODSP|bfre |
| 041 | |aeng |
| 041 | |afre |
| 043 | |an-cn--- |
| 086 | 1 |aCS92-N0051/1997-PDF |
| 245 | 00|aÉvaluation des communications du Recensement de 1996 |h[ressource électronique] |
| 260 | |aOttawa - Ontario : |bStatistique Canada |c1997. |
| 300 | |a2 vols. En pagination multiple.|bfigures, tableaux |
| 500 | |aVol. 1 : Évaluation des communications du Recensement de 1996. Vol. 2 : Évaluation des communications du Recensement de 1996 : outils de promotion et documents de référence. Publication du recensement historique numérisé par Statistique Canada. |
| 590 | |a12-44-Supp|b2012-12-13 |
| 691 | 07|aCommunications|2gcpds |
| 691 | 07|aRecensement|2gcpds |
| 710 | 2 |aStatistique Canada. |
| 791 | |t1996 Census communications evaluation |eeng|w(CaOODSP)9.675877 |
| 856 | 40|ahttp://publications.gc.ca|qPDF|s18 Mo|uhttps://publications.gc.ca/collections/collection_2012/statcan/rh-hc/CS92-N0051-1997-2.pdf |
| 856 | 40|ahttp://publications.gc.ca|qPDF|s16 Mo|uhttps://publications.gc.ca/collections/collection_2012/statcan/rh-hc/CS92-N0051-1997-1.pdf |